Normal view
MARC view
Entry Personal Name
001 - CONTROL NUMBER
- control field: 872874
003 - CONTROL NUMBER IDENTIFIER
- control field: OSt
005 - DATE AND TIME OF LATEST TRANSACTION
- control field: 20260114185650.0
008 - FIXED-LENGTH DATA ELEMENTS
- fixed length control field: 260114|| aca||aabn | a|a d
040 ## - CATALOGING SOURCE
- Original cataloging agency: OSt
- Transcribing agency: OSt
100 ## - HEADING--PERSONAL NAME
- Personal name: Mark Jarrett
670 ## - SOURCE DATA FOUND
- Source citation: Work cat.: (OSt)1471822: Mark Jarrett, The Congress of Vienna and its Legacy War and Great Power Diplomacy after Napoleon, 2013
